| 000 | 00000nas 2200000za 4500 |
| 001 | 9.507247 |
| 003 | CaOODSP |
| 005 | 20230209150704 |
| 007 | cr ||||||||||| |
| 008 | 150406d20022011xxc|| p o||||f| |0eng|d |
| 040 | |aCaOODSP|beng |
| 043 | |an-cn--- |
| 086 | 1 |aIu83-23E-PDF |
| 110 | 1 |aCanada.|bIndustry Canada. |bCanadian Tourism Commission. |
| 245 | 10|aCanadian Tourism Commission strategic plan. |
| 264 | 1|aVancouver, British Columbia : |bIndustry Canada |
| 310 | |aEvery five years |
| 362 | 1 |aBegan with [2002-2004]; ceased with 2007-2011. |
| 690 | 07|aStrategic management|2gcpds |
| 690 | 07|aInternational travel|2gcpds |
| 690 | 07|aTourism|2gcpds |
| 775 | 08|tCommission canadienne du tourisme - plan stratégique.|w(CaOODSP)9.503641 |